| 000 | 02093cam a22004814i 4500 | ||
|---|---|---|---|
| 003 | PE-LiUPU | ||
| 005 | 20250731173402.0 | ||
| 008 | 150706s1996 flu r 000 0 spa d | ||
| 020 | _a789902397 | ||
| 035 | _a(Sirsi) i789902397 | ||
| 040 |
_aPE-LiUPU _bspa _cPE-LiUPU _erda |
||
| 049 | _aPRUA | ||
| 082 | 0 | 4 |
_a230.2 _bB69 _221 |
| 100 | 1 |
_aBoice, James Montgomery, _d1938-2000, _eautor. |
|
| 245 | 1 | 4 |
_aLos fundamentos de la fe cristiana : _buna teología exhaustiva y comprensible / _cJames Montgomery Boice. |
| 264 | 1 |
_aMiami : _bUnilit, _c1996. |
|
| 300 |
_a741 páginas ; _c23 centímetros |
||
| 336 |
_atext _2rdacontent |
||
| 337 |
_aunmediated _2rdamedia |
||
| 338 |
_avolume _2rdacarrier |
||
| 505 | 0 | _aEl Dios soberano -- El conocimiento de Dios -- La palabra de Dios -- Los atributos de Dios -- La creación de Dios -- Dios el redentor -- La caída de la raza -- La ley y la gracia -- La persona de Cristo -- La obra de Cristo -- Comenzando a entender a Dios -- El espíritu de Dios -- Cómo Dios salva a los pecadores -- La vida del cristiano -- La obra de Dios -- Dios y la historia -- El tiempo y la historia -- la iglesia de Dios -- Un cuento de dos ciudades -- El fin de la historia. | |
| 526 | _aSEG42 | ||
| 526 | _aSEG41 | ||
| 526 | _aSEG40 | ||
| 526 | _aSEG39 | ||
| 526 | _aP94 | ||
| 526 | _aP87 | ||
| 526 | _aP86 | ||
| 526 | _aP85 | ||
| 526 | _aP77 | ||
| 526 | _aP76 | ||
| 526 | _aP35 | ||
| 541 | _g001-0000514; | ||
| 650 | 0 | 4 | _aCristianismo. |
| 700 | 1 |
_aRoba´lina, Marcela, _etraductor. |
|
| 910 |
_bjv _cng _d20110603 |
||
| 942 |
_2ddc _cBOOK |
||
| 949 |
_a230.2 B69 _wDEWEY _c1 _i63076 _lCCODEBUL1 _mBUL _p28.00 _r0 _sY _tBOOK _u2015-7-6 _xTEOLOGIA _PP35 _o.STAFF. Colección General |
||
| 994 |
_aC0 _bPEPRU |
||
| 596 | _a1 | ||
| 999 |
_a230.2 B69 _wDEWEY _c52092 _i63076 _d52092 _e2016-3-29 _f2021-11-9 _g5 _lCCODEBUL1 _mBUL _n1 _p28.00 _q5 _r0 _sY _tBOOK _u2015-7-6 _xTEOLOGIA _PP35 _0COMPRA _o.STAFF. Colección Teología |
||
| 980 |
_81 _gALBERTO SANCHEZ Responsable de Automatización |
||